Macroeconomic issues and policies in the Middle East and North Africa

Salvato in:
Dettagli Bibliografici
Altri autori: Iqbal, Zubair
Natura: Libro
Lingua:inglese
Pubblicazione: Washington IMF 2001
Soggetti:
Tags: Aggiungi Tag
Nessun Tag, puoi essere il primo ad aggiungerne!!

MARC

LEADER 00000nam$a2200000$$$4500
001 0003072
005 20240104133039.3
020 |a 1-58906-041-5 
041 0 |a eng 
044 |a US 
245 1 0 |a Macroeconomic issues and policies in the Middle East and North Africa  |c Zubair Iqbal, editor 
264 1 |a Washington  |b IMF  |c 2001 
300 |a 370 s. 
610 2 0 |a situácia hospodárska 
610 2 0 |a Stredný východ 
610 2 0 |a Afrika 
610 2 0 |a politika hospodárska 
610 2 0 |a makroekonomika 
610 2 0 |a politika zahraničná 
610 2 0 |a politika zahraničnohospodárska 
610 2 0 |a kurz devízový 
610 2 0 |a Medzinárodný menový fond 
700 1 |a Iqbal, Zubair